000
00303nam a22001337a 4500
008
181011b xxu||||| |||| 00| 0 eng d
020
_a
9780938529200
041
_a
eng
080
_2
6th
_a
338
100
_a
53
101
_a
MNG
245
_a
Successful Manager's Handbook
_c
Fisher, A
942
_2
udc
_c
BK
999
_c
49394
_d
49394